Free Lunch (Record no. 3486)

MARC details
000 -LEADER
fixed length control field 00362nam a22001457a 4500
008 - FIXED-LENGTH DATA ELEMENTS--GENERAL INFORMATION
fixed length control field 250514b |||||||| |||| 00| 0 eng d
020 ## - INTERNATIONAL STANDARD BOOK NUMBER
ISBN 9781788168971
100 ## - MAIN ENTRY--AUTHOR
Author Smith, Daviid
245 ## - TITLE STATEMENT
Title Free Lunch
Remainder of title Easily Digestible Economics
260 ## - PUBLICATION, DISTRIBUTION, ETC. (IMPRINT)
Place of publication London
Name of publisher Profile Books
Date of publication 2022
300 ## - COLLATION
Pagination 358p.
650 ## - TRACINGS
Main Subject Economics
942 ## - ADDED ENTRY ELEMENTS (KOHA)
Item type Books
050 ## - LIBRARY OF CONGRESS CALL NUMBER
Classification number HB171
Item number .S65
Holdings
Source of classification or shelving scheme Not for loan Permanent location Current location Date acquired Accession No. Full call number Barcode. Koha item type
Library of Congress Classification   Samuel Ogbemudia Main Library, University of Abuja Samuel Ogbemudia Main Library, University of Abuja 05/14/2025 2024/63591 HB171.S65 2025-1953 Books